Флора СССР. 2 (Запись № 13612685)

Подробности
000 -МАРКЕР
контрольное поле 02009nam2a2200397 4500
001 - ИДЕНТИФИКАТОР ЗАПИСИ
контрольное поле rc\2987329
005 - ИДЕНТИФИКАТОР ВЕРСИИ
контрольное поле 20260406085743.0
035 ## - ДРУГИЕ СИСТЕМНЫЕ НОМЕРА
Идентификатор записи (NLR Aleph) 007131698
100 ## - ДАННЫЕ ОБЩЕЙ ОБРАБОТКИ
Данные общей обработки 20110913d1937 u y0rusy50 ca
101 0# - ЯЗЫК РЕСУРСА
Язык текста, звукозаписи и т.д. русский
102 ## - СТРАНА ПУБЛИКАЦИИ ИЛИ ПРОИЗВОДСТВА
Страна публикации Российская Федерация
105 ## - ПОЛЕ КОДИРОВАННЫХ ДАННЫХ: ТЕКСТОВЫЕ МАТЕРИАЛЫ, МОНОГРАФИЧЕСКИЕ
Кодированные данные о монографическом текстовом документе a z |||||
200 0# - ЗАГЛАВИЕ И СВЕДЕНИЯ ОБ ОТВЕТСТВЕННОСТИ
Основное заглавие 2
Первые сведения об ответственности Ред. II тома Р.Ю. Рожевиц и Б.К. Шишкин
Последующие сведения об ответственности Сост.: Е.Г. Бобров, А.И. Введенский, Н.Ф. Гончаров, В.Л. Комаров, В.И. Кречетович, А.Н. Криштофович, Е.М. Лавренко, И.В. Ларин, С.А. Невский, В.Л. Некрасова, П.Н. Овчинников, Р.Ю. Рожевиц, В.Б. Сочава и Б.К. Шишкин
210 ## - ПУБЛИКАЦИЯ, РАСПРОСТРАНЕНИЕ И ДР.
Дата издания, распространения и т.д. 1937
215 ## - ФИЗИЧЕСКАЯ ХАРАКТЕРИСТИКА
Специфическое обозначение материала и объем XXXIV, 778 с.
Другие сведения о физической характеристике ил.
461 #0 - УРОВЕНЬ НАБОРА
Встроенное поле 001rc\2987328
-- 2000#$aФлора СССР$fПод ред. акад. В.Л. Комарова$gБотанич. ин-т Акад. наук СССР$v2
Системный номер (АБИС) связанной записи 6966105
Место публикации Ленинград
Дата публикации 1937
Первые сведения об ответственности Под ред. акад. В.Л. Комарова
Имя издателя, распространителя и т.д. изд-во и тип. изд-ва Акад. наук СССР
Заглавие Флора СССР
Номер тома 2
702 #1 - ИМЯ ЛИЦА - ВТОРИЧНАЯ ОТВЕТСТВЕННОСТЬ
Начальный элемент ввода Рожевиц
Часть имени, кроме начального элемента ввода Р.Ю.
Код отношения Редактор
702 #1 - ИМЯ ЛИЦА - ВТОРИЧНАЯ ОТВЕТСТВЕННОСТЬ
Начальный элемент ввода Шишкин
Часть имени, кроме начального элемента ввода Б.К.
Код отношения Редактор
702 #1 - ИМЯ ЛИЦА - ВТОРИЧНАЯ ОТВЕТСТВЕННОСТЬ
Начальный элемент ввода Бобров
Часть имени, кроме начального элемента ввода Е.Г.
Код отношения Составитель
702 #1 - ИМЯ ЛИЦА - ВТОРИЧНАЯ ОТВЕТСТВЕННОСТЬ
Начальный элемент ввода Введенский
Часть имени, кроме начального элемента ввода А.И.
Код отношения Составитель
702 #1 - ИМЯ ЛИЦА - ВТОРИЧНАЯ ОТВЕТСТВЕННОСТЬ
Начальный элемент ввода Гончаров
Часть имени, кроме начального элемента ввода Н.Ф.
Код отношения Составитель
702 #1 - ИМЯ ЛИЦА - ВТОРИЧНАЯ ОТВЕТСТВЕННОСТЬ
Начальный элемент ввода Комаров
Часть имени, кроме начального элемента ввода В.Л.
Код отношения Составитель
702 #1 - ИМЯ ЛИЦА - ВТОРИЧНАЯ ОТВЕТСТВЕННОСТЬ
Начальный элемент ввода Кречетович
Часть имени, кроме начального элемента ввода В.И.
Код отношения Составитель
702 #1 - ИМЯ ЛИЦА - ВТОРИЧНАЯ ОТВЕТСТВЕННОСТЬ
Начальный элемент ввода Криштофович
Часть имени, кроме начального элемента ввода А.Н.
Код отношения Составитель
702 #1 - ИМЯ ЛИЦА - ВТОРИЧНАЯ ОТВЕТСТВЕННОСТЬ
Начальный элемент ввода Лавренко
Часть имени, кроме начального элемента ввода Е.М.
Код отношения Составитель
702 #1 - ИМЯ ЛИЦА - ВТОРИЧНАЯ ОТВЕТСТВЕННОСТЬ
Начальный элемент ввода Ларин
Часть имени, кроме начального элемента ввода И.В.
Код отношения Составитель
702 #1 - ИМЯ ЛИЦА - ВТОРИЧНАЯ ОТВЕТСТВЕННОСТЬ
Начальный элемент ввода Невский
Часть имени, кроме начального элемента ввода С.А.
Код отношения Составитель
702 #1 - ИМЯ ЛИЦА - ВТОРИЧНАЯ ОТВЕТСТВЕННОСТЬ
Код отношения Составитель
Графика поля Кириллица
Материалы, к которым относится поле rus
Начальный элемент ввода Некрасова
Часть имени, кроме начального элемента ввода В. Л.
Дополнения к именам, кроме дат канд. биол. наук
Даты 1884-1969
Расширение инициалов личного имени Вера Леонтьевна
Идентификатор авторитетной/нормативной записи RU\NLR\AUTH\770280333
Системный номер авторитетной/нормативной записи 2652300
702 #1 - ИМЯ ЛИЦА - ВТОРИЧНАЯ ОТВЕТСТВЕННОСТЬ
Начальный элемент ввода Овчинников
Часть имени, кроме начального элемента ввода П.Н.
Код отношения Составитель
702 #1 - ИМЯ ЛИЦА - ВТОРИЧНАЯ ОТВЕТСТВЕННОСТЬ
Начальный элемент ввода Сочава
Часть имени, кроме начального элемента ввода В.Б.
Код отношения Составитель
801 #0 - ИСТОЧНИК ЗАПИСИ
Страна Российская Федерация
Организация NLR
Правила каталогизации psbo
801 #1 - ИСТОЧНИК ЗАПИСИ
Страна Российская Федерация
Организация ELAR
Источник данных rusmarc
852 ## - МЕСТОНАХОЖДЕНИЕ И ШИФР ХРАНЕНИЯ
Идентификатор организации NLR
Шифр хранения (Call Number) 37-19/215(2)
942 ## - ДОПОЛНИТЕЛЬНЫЕ ЭЛЕМЕНТЫ ЗАПИСИ (АБИС)
Тип экземпляра АБИС Неопределено
980 ## - КОЛЛЕКЦИЯ
Название коллекции Национальная библиография

Нет доступных экземпляров.